Albums-Songs (The Weeknd) pt.3 - Statistics

General Stats
  • This quiz has been taken 6 times
  • The average score is 28 of 40
Answer Stats
Hint Answer % Correct
9 Best Friends
100%
13 Timeless
100%
6 Baptized In Fear
83%
2 Cry For Me
83%
Album Title Dawn FM
83%
1 Dawn FM
83%
18 Drive
83%
2 Gasoline
83%
Album Title Hurry Up Tomorrow
83%
22 Hurry Up Tomorrow
83%
12 I Can't Wait To Get There
83%
10 Is There Someone Else?
83%
7 Open Hearts
83%
20 Red Terror
83%
4 Sao Paulo
83%
4 Take My Breath
83%
19 The Abyss
83%
6 A Tale By Quincy
67%
16 BIg Sleep
67%
10 Enjoy The Show
67%
17 Give Me Mercy
67%
3 How Do I Make You Love Me?
67%
3 I Can't Fucking Sing
67%
15 Less Than Zero
67%
14 Niagara Falls
67%
7 Out Of Time
67%
1 Wake Me Up
67%
21 Without a Warning
67%
13 Don't Break My Heart
50%
12 Every Angel is Terrifying
50%
11 Given Up On Me
50%
8 Here We Go... Again
50%
14 I Heard You're Married
50%
8 Opening Night
50%
16 Phantom Regret by Jim
50%
9 Reflections Laughing
50%
5 Sacrifice
50%
11 Starry Eyes
50%
15 Take Me Back To LA
50%
5 Until We're Skin & Bones
50%
No matching quizzes found
Score Distribution
Percent of People with Each Score
Percentile by Number Answered
Your Score History
You have not taken this quiz